| 000 | 00805nas a2200265 4500 | ||
|---|---|---|---|
| 001 | BR9705077 | ||
| 003 | BR-BrBNA | ||
| 005 | 20231205100611.0 | ||
| 007 | ta | ||
| 008 | 230509b bl.|||p| |||| 00| 00por d | ||
| 040 |
_aBR-BrBNA _bpor _cBiblioteca Nacional de Agricultura |
||
| 041 | _a(En) | ||
| 072 | _aF30 | ||
| 100 | 1 | _aDantas, A.C.V. | |
| 100 | 1 | _aMiranda Filho, J.B. | |
| 100 | 1 | _aAlleoni, M.R.B. | |
| 245 | 1 | _aDiallel cross analysis for young plants of brachytic maize (Zea mays L.)varieties | |
| 650 | _aMilho | ||
| 650 | _aVariedade | ||
| 650 | _aCruzamento Dialelico | ||
| 650 | _aVigor Hibrido | ||
| 773 | 0 |
_tRevista Brasileira de Genetica (Brazil) _xISSN 0100-8455 _g(Sep 1997), v. 20(3) p. 453-458 _wBR9705077 |
|
| 909 |
_a202311 _bLúcia _c55 _dLúcia Elande |
||
| 942 |
_2AGRIS _n0 _cANA |
||
| 999 |
_c156936 _d156936 |
||